02462cam a22011294i 4500003000900000005001700009008004100026020001800067035002700085040003300112082001900145100004700164245007000211264002800281300003800309336002100347337002500368338002300393504002800416505016200444526000900606526000900615526000900624526000900633526000900642526000900651526000900660526000900669526000900678526000900687526000900696526000900705526000900714526000900723526000900732526000900741526000900750526000900759526000900768526000900777526000900786526000900795526000900804526000900813526000900822526000900831526000900840526000900849526000900858526000900867526000900876526000900885526000900894526000900903526000900912526000900921526000900930526000800939526000800947526000800955526000800963526000800971526000800979526000800987526000800995526000801003526000801011526000801019526000801027526000801035526000801043526000801051526000801059526000801067526000801075526000801083526000801091526000801099526000801107526000801115526000801123526000801131526000801139526000801147526000801155526000801163526000801171526000801179526000801187526000801195526000801203526000801211541001701219650002401236650003801260650003401298PE-LiUPU20250813185600.0150706s                r     000 0     d  a9789972994944  a(Sirsi) i9789972994944  aPE-LiUPUbspacPE-LiUPUerda04a375.2bA482211 aAlvarado Oyarce, Otoniel,d1942- ,eautor.10aAdministración del personal docente /cOtoniel Alvarado Oyarce. 1aLima :bUnifé,c2006.  a186 páginas ;c21 centímetros  atext2rdacontent  aunmediated2rdamedia  avolume2rdacarrier  aIncluye bibliografía.0 aEl Trabajo y su compensación -- Las técnicas básicas -- El bienestar del personal -- El trabajador y los conflictos -- Sistema y condiciones laborales.  aP202  aP201  aP163  aP162  aP161  aP160  aP148  aP147  aP146  aP145  aP144  aP143  aP142  aP141  aP140  aP139  aP138  aP137  aP136  aP135  aP134  aP133  aP129  aP128  aP127  aP120  aP119  aP118  aP116  aP115  aP114  aP110  aP109  aP108  aP104  aP103  aP102  aP99  aP98  aP97  aP96  aP95  aP93  aP90  aP89  aP88  aP83  aP82  aP62  aP59  aP58  aP57  aP51  aP49  aP48  aP47  aP29  aP24  aP20  aP19  aP17  aP15  aP14  aP12  aP10  aP09  aP08  aP07  aP06  aP05  aP04  aP01  g0001-000367;18aProfesoreszPerú.28aAdministración escolarzPerú.28aAdministración de personal.